| 000 | 00525nam a2200145 i 4500 | ||
|---|---|---|---|
| 001 | 29933 | ||
| 003 | ES-MaACL | ||
| 007 | t| | ||
| 008 | 030123s1954 sp ||||1| spa d | ||
| 100 | 1 |
_aBasilio de San Pablo. _926293 |
|
| 245 | 1 | 3 |
_aEl Evangelio al aire libre _b: predicaciones de actualidad para ejercicios espirituales a cielo abierto y gentes distanciadas / _cBasilio de San Pablo. |
| 260 |
_aMadrid : _bBruno del Amo, _c[1954] ( _fVda. de Galo Sèz) |
||
| 300 |
_a166 p. ; _c18 cm. |
||
| 852 |
_aES-MaACL _jC-8464 _bR.36548 |
||
| 999 |
_c29933 _d29933 |
||